000 01397nam a2200385 i 4500
001 53922
003 KOSZ 005
005 20230208150730.0
008 050203s2003 pl f |000 0 pol
020 _a8320813891
040 _cKOSZ 005
_aKOSZ 005
_dKOSZ 005/HR
041 0 _apol
080 _a658.1/.5
080 _a005.2
080 _a(075.8)
100 1 _aGierszewska, Grażyna
_eAutor
245 1 0 _aAnaliza strategiczna przedsiębiorstwa /
_cGrażyna Gierszewska, Maria Romanowska.
250 _aWyd. 3 zm.
260 _aWarszawa :
_bPolskie Wydawnictwo Ekonomiczne,
_c2003.
300 _a351, [1] s. :
_bil. ;
_c21 cm.
336 _2rdacontent
_aTekst
_btxt
337 _2rdamedia
_aBez urządzenia pośredniczącego
_bn
338 _2rdacarrier
_aWolumin
_bnc
504 _aBibliogr.
650 4 _aPrzedsiębiorstwo
650 4 _aZarządzanie strategiczne
650 4 _aPlanowanie strategiczne
655 4 _aPodręczniki akademickie
658 _aZarządzanie i marketing
700 1 _aRomanowska, Maria
_d(1947- )
_eAutor
710 2 _aPolskie Wydawnictwo Ekonomiczne
_4pbl.
856 _uhttp://koha.tu.koszalin.pl/cgi-bin/koha/opac-detail.pl?biblionumber=53922
_yKatalog online BPK
942 _cKS
_2UKD
999 _c53922
_d53922